| 000 | 00813nam a22002057a 4500 | ||
|---|---|---|---|
| 003 | BUBTL | ||
| 008 | 211010b ||||| |||| 00| 0 eng d | ||
| 020 | _a9789848792-544 | ||
| 082 | _a344.5492/ Is41b/ 2014 | ||
| 100 |
_94258 _aইসলাম, মাহ্ফুজুল মোঃ |
||
| 245 |
_aবাংলাদেশের পুলিশ প্রবিধান (voll-2) : _cমোঃ মাহফুজুল ইসলাম, মোঃ আসগর আলী |
||
| 250 | _a1st ed. | ||
| 260 |
_aঢাকা _bসামছ পাবলিকেশন্স _cc2014 |
||
| 300 |
_a[38], 1302p. : _c21.5 cm. |
||
| 650 | 0 |
_926 _aLaw |
|
| 700 |
_aমোঃ আসগর আলী _95270 |
||
| 856 |
_k0 _l0 _yDownload |
||
| 942 |
_2ddc _cBK |
||
| 999 |
_c6553 _d6553 |
||